[Event "Szolnok op"]
[Site "Szolnok"]
[Date "2022.06.16"]
[Round "2"]
[White "Bota, Andras"]
[Black "Farkas, Istvan"]
[Result "0-1"]
[WhiteElo "1792"]
[BlackElo "2099"]
[PlyCount "100"]
[EventDate "2022.06.16"]
[EventType "swiss"]
[EventRounds "7"]
[EventCountry "HUN"]
[SourceTitle "CBM 209 Extra"]
[Source "ChessBase"]
[SourceDate "2022.09.30"]
[SourceVersion "1"]
[SourceVersionDate "2022.09.30"]
[SourceQuality "1"]

1. e4 e5 2. f4 exf4 3. Nf3 d6 4. Bc4 Nc6 5. c3 Be7 6. 0-0 Nf6 7. d3 Ne5 8. Qb3 0-0 9. Bxf4 Nxc4 10. Qxc4 d5 11. exd5 Nxd5 12. Nd4 Nxf4 13. Rxf4 Bd6 14. Rf1 Qg5 15. Nf3 Qe3+ 16. Kh1 Bf5 17. Qh4 Bxd3 18. Re1 Qf4 19. Nbd2 Qxh4 20. Nxh4 Rfe8 21. Nhf3 f6 22. Nb3 Kf7 23. Rad1 Be2 24. Rb1 Bxf3 25. gxf3 Rxe1+ 26. Rxe1 Re8 27. Rxe8 Kxe8 28. Kg2 Kd7 29. Nd4 g6 30. b3 a6 31. a4 Bc5 32. Nc2 Ke6 33. f4 Kf5 34. Kf3 g5 35. fxg5 fxg5 36. h3 h5 37. Ne1 g4+ 38. hxg4+ hxg4+ 39. Ke2 Ke4 40. Nd3 Bb6 41. b4 Kd5 42. Kd2 g3 43. Nf4+ Ke4 44. Ng2 Kf3 45. Ne1+ Kf2 46. Nd3+ Kf1 47. Nf4 g2 48. Nxg2 Kxg2 49. c4 c5 50. a5 Bc7 0-1

[Event "HUN-chT2 Toth 1819"]
[Site "Hungary"]
[Date "2019.01.27"]
[Round "6.9"]
[White "Farkas, Istvan"]
[Black "Rozsa, Zoltan1111"]
[Result "1-0"]
[WhiteElo "2018"]
[BlackElo "1625"]
[PlyCount "33"]
[EventDate "2018.09.23"]
[EventType "team-tourn"]
[EventRounds "11"]
[EventCountry "HUN"]
[SourceTitle "EXT 2021"]
[Source "ChessBase"]
[SourceDate "2020.10.23"]
[SourceVersion "1"]
[SourceVersionDate "2020.10.23"]
[SourceQuality "1"]
[WhiteTeam "Ujszasz"]
[BlackTeam "Karcag"]
[WhiteTeamCountry "HUN"]
[BlackTeamCountry "HUN"]

1. e4 c5 2. c3 d6 3. d4 cxd4 4. cxd4 Nc6 5. Nc3 Nf6 6. d5 Ne5 7. f4 Ng6 8. Nf3 Bg4 9. Qb3 Bxf3 10. gxf3 Nh4 11. Qxb7 Nxf3+ 12. Kf2 Nd4 13. Nb5 Nxe4+ 14. Ke3 Nc5 15. Nc7+ Kd7 16. Bb5+ Nxb5 17. Qc6+ 1-0

[Event "Senta op 21st"]
[Site "Senta"]
[Date "2017.07.27"]
[Round "4"]
[White "Kovacs, Arthur"]
[Black "Farkas, Istvan"]
[Result "1-0"]
[WhiteElo "1970"]
[BlackElo "1583"]
[PlyCount "43"]
[EventDate "2017.07.24"]
[EventType "swiss"]
[EventRounds "9"]
[EventCountry "SRB"]
[SourceTitle "CBM 179 Extra"]
[Source "ChessBase"]
[SourceDate "2017.08.23"]
[SourceVersion "1"]
[SourceVersionDate "2017.08.23"]
[SourceQuality "1"]

1. d4 Nf6 2. Nf3 g6 3. c4 Bg7 4. Nc3 0-0 5. e4 d6 6. Be2 Nbd7 7. 0-0 Ne8 8. Be3 e5 9. dxe5 Nxe5 10. Nxe5 Bxe5 11. Qd2 Bg7 12. Rad1 f5 13. Bg5 Nf6 14. e5 Qe8 15. Bxf6 Bxf6 16. exf6 Rxf6 17. Nd5 Rf7 18. Qd4 Qd8 19. Rfe1 Bd7 20. Bf3 g5 21. Bh5 Rf8 22. Ne7+ 1-0

[Event "HUN-chT2 Erkel 1617"]
[Site "Hungary"]
[Date "2016.12.11"]
[Round "6.6"]
[White "Kovacs, Daniel1111"]
[Black "Farkas, Istvan"]
[Result "1-0"]
[WhiteElo "1990"]
[BlackElo "1949"]
[PlyCount "107"]
[EventDate "2016.09.25"]
[EventType "team-tourn"]
[EventRounds "11"]
[EventCountry "HUN"]
[SourceTitle "EXT 2021"]
[Source "ChessBase"]
[SourceDate "2020.10.23"]
[SourceVersion "1"]
[SourceVersionDate "2020.10.23"]
[SourceQuality "1"]
[WhiteTeam "Salgotarjan"]
[BlackTeam "Jaszbereny"]
[WhiteTeamCountry "HUN"]
[BlackTeamCountry "HUN"]

1. e4 e5 2. Nf3 Nc6 3. Bc4 Bc5 4. 0-0 Nf6 5. Nc3 0-0 6. d3 h6 7. Be3 d6 8. h3 Bb6 9. Ne2 d5 10. exd5 Nxd5 11. Bxd5 Qxd5 12. Qd2 Nd4 13. Bxd4 exd4 14. Qf4 c5 15. Ng3 Bd7 16. Rfe1 Rfe8 17. Re4 f5 18. Re5 Rxe5 19. Qxe5 Qxe5 20. Nxe5 Be6 21. Ng6 Kf7 22. Nh4 g6 23. Nf3 Ba5 24. a3 Re8 25. b4 Bb6 26. Re1 Bd5 27. Rxe8 Kxe8 28. Ne5 f4 29. Ne2 g5 30. Ng4 f3 31. Nxd4 cxb4 32. Nf6+ Kf7 33. Nxd5 Bxd4 34. axb4 fxg2 35. Kxg2 Ke6 36. c4 a6 37. f4 gxf4 38. Nxf4+ Ke5 39. Kf3 b6 40. Ne2 Bb2 41. Ke3 Ba3 42. d4+ Kd6 43. b5 axb5 44. cxb5 Kd5 45. Kd3 Bb2 46. Nc3+ Bxc3 47. Kxc3 h5 48. Kd3 h4 49. Ke3 Kc4 50. Ke4 Kxb5 51. d5 Ka6 52. Ke5 Kb7 53. Ke6 b5 54. d6 1-0

[Event "HUN-chT2 Erkel 1415"]
[Site "Hungary"]
[Date "2015.03.22"]
[Round "8.9"]
[White "Terbe, Zsuzsanna"]
[Black "Farkas, Istvan"]
[Result "1-0"]
[WhiteElo "2053"]
[BlackElo "1919"]
[PlyCount "58"]
[EventDate "2014.09.28"]
[EventType "team-tourn"]
[EventRounds "9"]
[EventCountry "HUN"]
[SourceTitle "EXT 2016"]
[Source "ChessBase"]
[SourceDate "2015.10.08"]
[SourceVersion "1"]
[SourceVersionDate "2015.10.08"]
[SourceQuality "1"]
[WhiteTeam "Budapest MTK"]
[BlackTeam "Jaszbereny"]
[WhiteTeamCountry "HUN"]
[BlackTeamCountry "HUN"]

1. e4 e5 2. Nf3 Nc6 3. d4 exd4 4. Nxd4 Bc5 5. Nb3 Bb6 6. Nc3 Qf6 7. Qe2 Nge7 8. Be3 d6 9. 0-0-0 Be6 10. Kb1 Bxe3 11. Qxe3 a6 12. f4 0-0 13. Be2 Rfe8 14. g4 Bxb3 15. axb3 b5 16. g5 Qe6 17. Qg3 Qc8 18. Bg4 Qb7 19. f5 Ne5 20. f6 b4 21. Nd5 Nxd5 22. exd5 g6 23. Qh3 Kh8 24. Bd7 Rg8 25. Rd4 h5 26. Rh4 Rgd8 27. Rxh5+ gxh5 28. Qxh5+ Kg8 29. Qh6 Nxd7 1-0

[Event "Senta-ch"]
[Site "Senta"]
[Date "2014.02.15"]
[Round "9"]
[White "Farkas, Istvan"]
[Black "Djukic, Luka"]
[Result "1-0"]
[WhiteElo "1570"]
[BlackElo "1495"]
[PlyCount "49"]
[EventDate "2014.01.24"]
[EventType "swiss"]
[EventRounds "9"]
[EventCountry "SRB"]
[SourceTitle "EXT 2016"]
[Source "ChessBase"]
[SourceDate "2015.10.08"]
[SourceVersion "1"]
[SourceVersionDate "2015.10.08"]
[SourceQuality "1"]

1. e4 e5 2. Nf3 Nc6 3. Bb5 a6 4. Ba4 b5 5. Bb3 Nf6 6. d3 d5 7. exd5 Nxd5 8. 0-0 Bd6 9. Bxd5 Bb7 10. Nc3 0-0 11. Bxc6 Bxc6 12. Ne4 f5 13. Nxd6 cxd6 14. Ng5 f4 15. Ne6 Qe8 16. Nxf8 Kxf8 17. f3 Qg6 18. Qe2 Re8 19. Bd2 d5 20. Rae1 e4 21. dxe4 dxe4 22. fxe4 Rxe4 23. Rxf4+ Rxf4 24. Bxf4 h6 25. Qe7+ 1-0

[Event "Senta op-B 17th"]
[Site "Senta"]
[Date "2013.07.20"]
[Round "9"]
[White "Farkas, Istvan"]
[Black "Petrovic, Tamara"]
[Result "0-1"]
[WhiteElo "1585"]
[BlackElo "1679"]
[PlyCount "28"]
[EventDate "2013.07.13"]
[EventType "swiss"]
[EventRounds "9"]
[EventCountry "SRB"]
[SourceTitle "EXT 2014"]
[Source "ChessBase"]
[SourceDate "2013.11.20"]
[SourceVersion "1"]
[SourceVersionDate "2013.11.20"]
[SourceQuality "1"]

1. Nf3 Nf6 2. g3 d5 3. Bg2 c5 4. d3 Nc6 5. 0-0 e5 6. e3 Be7 7. Nbd2 0-0 8. c4 Bf5 9. Qe2 dxc4 10. dxc4 Bd3 11. Qe1 Bxf1 12. Qxf1 Qc7 13. b3 Rad8 14. Bb2 e4 0-1